Carmen Truyện chọn lọc

Saved in:
Bibliographic Details
Format: Book
Tags: Add Tag
No Tags, Be the first to tag this record!
Institutions: Mạng thư viện Đại học Đà Nẵng
LEADER 00635nam a2200217 4500
001 000004552
003 691
005 20150812140808.0
008 110722s sd
041 0 |a 21.500đ 
082 1 |a 843  |b MEN 
245 0 0 |a Carmen  |b Truyện chọn lọc  |c P. Mêrimê ; Tô Chương dịch 
774 |a Mêrimê, Prôxpe  |b In lần 2, có sửa chữa bổ sung  |d H.  |d Văn học  |d 1982  |g T.1  |h 230tr  |w 692 
OWN |a LSP 
999 |a From the UDN01 
TYP |a Monograph 
TYP |a Printed language 
980 |a Mạng thư viện Đại học Đà Nẵng